Preodolenije problemnych situacij v upravlenii social'nymi processami.

Reformy v ZSSR od dôb jeho vzniku. Obsah teórie cyklov a fázy jednotlivých cyklov. Ontologický a gnozeologický význam cyklu. Príklady globálnych problémových situácií, ktoré prerastajú v katastrofu (ekologicky problém, kasárenský socializmus). Etapy vývoja cyklov sovietskej spoločnosti a ich kríz (v...

Ausführliche Beschreibung

Gespeichert in:
Bibliographische Detailangaben
1. Verfasser: Bestužev-Lada, I.
Format: Buchkapitel
Sprache:Russisch
Schlagworte:
Tags: Tag hinzufügen
Keine Tags, Fügen Sie das erste Tag hinzu!

MARC

LEADER 00000naa a2200000 4500
001 r010209
005 20221208123321.0
041 0 |a rus 
044 |a [SU] 
245 1 0 |a Preodolenije problemnych situacij v upravlenii social'nymi processami.  |c I. Bestužev-Lada 
520 |a Reformy v ZSSR od dôb jeho vzniku. Obsah teórie cyklov a fázy jednotlivých cyklov. Ontologický a gnozeologický význam cyklu. Príklady globálnych problémových situácií, ktoré prerastajú v katastrofu (ekologicky problém, kasárenský socializmus). Etapy vývoja cyklov sovietskej spoločnosti a ich kríz (vojenský komunizmus, administratívno-prikazovací systém, sedem sovietskych perestrojok). 
610 2 0 |a reformy hospodárske 
610 2 0 |a Spoločenstvo nezávislých štátov 
610 2 0 |a ekológia 
610 2 0 |a kríza hospodárska 
610 2 0 |a politika sociálna 
610 2 0 |a problémy globálne 
610 2 0 |a teória cyklu 
610 2 0 |a koncepcie 
610 2 0 |a civilizácia 
610 2 0 |a vývoj spoločenský 
610 2 0 |a vývoj vedeckotechnický 
100 1 |a Bestužev-Lada, I.